Stati senza Pena di Morte - Statistics

Statistiche generali
  • Questo quiz è stato fatto 41 volte
  • Il punteggio medio è 78 su 110
Statistiche sulle risposte
Anno di abolizione Continente Nazione % Corretto
1994 Europa Italia
100%
1981 Europa Francia
93%
1987 Europa Germania
93%
2007 Europa Albania
87%
1991 Europa Croazia
87%
2004 Europa Grecia
87%
1998 Europa Regno Unito
87%
1865 Europa San Marino
87%
1990 Europa Andorra
83%
1969 Europa Città del Vaticano
83%
1978 Europa Danimarca
83%
1998 Europa Estonia
83%
1990 Europa Irlanda
83%
2012 Europa Lettonia
83%
1998 Europa Polonia
83%
1995 Europa Serbia
83%
1995 Europa Spagna
83%
2000 Europa Ucraina
83%
2009 America del Sud Argentina
80%
1968 Europa Austria
80%
1996 Europa Belgio
80%
2019 Europa Bosnia ed Erzegovina
80%
1998 Europa Bulgaria
80%
1999 America del Nord Canada
80%
1910 America del Sud Colombia
80%
1972 Europa Finlandia
80%
1989 Europa Liechtenstein
80%
1998 Europa Lituania
80%
1979 Europa Lussemburgo
80%
2000 Europa Malta
80%
2005 Europa Moldavia
80%
1979 Europa Norvegia
80%
1976 Europa Portogallo
80%
1990 Europa Slovacchia
80%
1991 Europa Slovenia
80%
1992 Europa Svizzera
80%
2004 Asia / Europa Turchia
80%
1992 Africa Angola
77%
1985 Oceania Australia
77%
1928 Europa Islanda
77%
1982 Europa Paesi Bassi
77%
1990 Europa Romania
77%
1973 Europa Svezia
77%
2002 Asia Cipro
73%
1906 America del Sud Ecuador
73%
2017 Africa Guinea
73%
2005 America del Nord Messico
73%
1962 Europa Monaco
73%
1989 Oceania Nuova Zelanda
73%
1990 Europa Repubblica Ceca
73%
2015 Africa Repubblica del Congo
73%
1995 Africa Sudafrica
73%
1990 Europa Ungheria
73%
1998 Asia Armenia
70%
1981 Africa Capo Verde
70%
2006 Asia / Europa Georgia
70%
1956 America del Nord Honduras
70%
1993 Africa Seychelles
70%
2015 America del Sud Suriname
70%
1863 America del Sud Venezuela
70%
2012 Africa Benin
67%
2009 America del Sud Bolivia
67%
1877 America del Nord Costa Rica
67%
2015 Oceania Figi
67%
2007 Asia Kirghizistan
67%
1991 Europa Macedonia del Nord
67%
2012 Asia Mongolia
67%
1995 Europa Montenegro
67%
2016 Oceania Nauru
67%
1903 America del Nord Panama
67%
2004 Oceania Samoa
67%
2009 Africa Togo
67%
1999 Asia Turkmenistan
67%
1907 America del Sud Uruguay
67%
2024 Africa Zimbabwe
67%
2009 Africa Burundi
63%
2020 Africa Ciad
63%
2000 Africa Costa d'Avorio
63%
1993 Africa Guinea Bissau
63%
1987 America del Nord Haiti
63%
2021 Asia / Europa Kazakistan
63%
2014 Africa Madagascar
63%
1990 Africa Namibia
63%
1997 Asia Nepal
63%
1994 Oceania Palau
63%
2022 Oceania Papua Nuova Guinea
63%
1992 America del Sud Paraguay
63%
1966 America del Nord Repubblica Dominicana
63%
2007 Africa Ruanda
63%
2004 Africa Senegal
63%
2008 Asia Uzbekistan
63%
2004 Asia Bhutan
60%
2006 Asia Filippine
60%
1986 Oceania Isole Marshall
60%
1979 Oceania Kiribati
60%
1990 Africa Mozambico
60%
2022 Africa Repubblica Centrafricana
60%
1978 Oceania Tuvalu
60%
2010 Africa Gabon
57%
1978 Oceania Isole Salomone
57%
1990 Africa São Tomé e Príncipe
57%
1980 Oceania Vanuatu
57%
1979 America del Nord Nicaragua
53%
1986 Oceania Stati federati di Micronesia
53%
2002 Asia Timor Est
53%
1995 Africa Gibuti
50%
1989 Asia Cambogia
47%
1995 Africa Mauritius
47%
1998 Asia / Europa Azerbaigian
43%
2021 Africa Sierra Leone
43%
Nessun quiz corrispondente trovato
Distribuzione punteggi
Percentuale di utenti per punteggio
Percentile per numero di risposta
I tuoi punteggi nel tempo
Non hai fatto questo quiz